Responses for Show #4106 - Monday, June 10, 2002

Clues 6 & 9 from the Jeopardy! Round were shown in the 2015-03-02 episode of Better Call Saul.

Contestants

[<< previous game]

Jon Newlon, a lawyer and father from Dade City, Florida

Nancy Bishop, a graduate student from Iowa City, Iowa

Dileep Rao, an actor from Santa Monica, California (whose 1-day cash winnings total $34,400)

[next game >>]

Jeopardy! Round responses

AROUND THE BIBLE
ENDS IN "I"
TUBES
FIRST CLASS
BUSINESS
COACH
    $200 3
Adam

Dileep
    $200 7
safari

Nancy
    $200 1
torpedoes

Jon
    $200 5
a train

Nancy
    $200 2
Gillette

Jon
    $200 15
Notre Dame

Dileep
    $400 6
their feet

Jon
    $400 11
scampi

Jon
    $400 4
the subway

Dileep
    $400 19
New York

Dileep
    $400 21
Wonder Bread

Jon
    $400 25
Vince Lombardi

Nancy
    $600 8
Job

Nancy
    $600 12
a rabbi

Dileep
    $600 16
Louise (Brown)

Nancy
    $600 20
Physics

Jon
    $600 22
Nielsen ratings

Nancy
    $600 28
Pat Riley

Jon
    $800 9
(Jon: What is dead?)
(Alex: Dead, [*], yes.)

died

Jon
    $1,000 13
(Dileep: What are...
oh, it left me.)

koi

Dileep
    $800 17
neon signs

Dileep
    $800 23
the Sears Tower

Dileep
    $800 26
American Express

Dileep
    $800 29
Scotty Bowman

Triple Stumper
    $1000 10
David

Nancy
    $1000 14
timpani

Nancy
    $1000 18
the Eustachian tube

Nancy
    $1000 24
tattoos

Jon
    $1000 27
Tide

Nancy
    $1000 30
Mike Ditka

Jon

Scores at the first commercial break (after clue 14):

Dileep Nancy Jon
$200 $3,000 $2,000

Scores at the end of the Jeopardy! Round:

Dileep Nancy Jon
$3,200 $6,600 $5,600

Double Jeopardy! Round responses

DAVY CROCKETT
ACTORS & ACTRESSES
ALPHA MALES
KIDDY LIT
(Alex: We want you to name the city where each school is located in...)
COLLEGE TOWNS
THE "F" FILES
    $400 26
Tennessee

Dileep
    $400 22
Sigourney Weaver

Jon
    $400 10
the Beta

Nancy
    $400 2
Treasure Island

Nancy
    $400 7
Lincoln

Nancy
    $400 13
fruit cake

Jon
    $800 27
a colonel

Triple Stumper
    $800 23
Whoopi Goldberg

Dileep
    $800 18
Mali

Jon
    $800 3
Aladdin

Nancy
    $800 8
Atlanta

Jon
    $800 14
fireplug

Triple Stumper
    $1200 28
Santa Anna

Jon
    $1200 24
The Shawshank Redemption

Nancy
    $1200 19
Alpha Centauri

Jon
    $1200 4
the Big Bad Wolf

Nancy
    $1200 9
Chicago

Triple Stumper
    $4,000 15
(Jon: What is faintest?)
(Alex: Ooh, no. "Damp type" for [*]. I don't have the [*] notion.)

foggiest

Jon
    $1600 29
(Jon: What is check again?)

"go ahead"

Jon
Triple Stumper
    $1600 1
(Jon: Who is Zsa Zsa Gabor?)
(Dileep: Who is Eva Gabor?)
...
(Alex: There's a big difference between the Gabor sisters and [*]. I don't know the connection that the fellows saw there.)

Julie Christie

DileepNancyJon
    $1600 20
Cornell

Jon
    $1600 5
The Hundred and One Dalmatians

Triple Stumper
    $1600 11
New Haven

Nancy
    $1600 16
flotsam

Nancy
    $6,700 30
(Jon: What is [*]?)
(Alex: Is that a guess?)
(Jon: Yes.)
(Alex: It's a good one.)
[Applause]

the Whig Party

Jon
    $2000 25
Father Damien Karras

Triple Stumper
    $2000 21
(Dileep: Who is Truffaut?)

Jean-Luc Godard

Dileep
Triple Stumper
    $2000 6
Frances Hodgson Burnett

Triple Stumper
    $2000 12
(Dileep: What is Richmond?)
...
(Alex: Right state, wrong place. [*], Virginia.)

Norfolk

Dileep
Triple Stumper
    $2000 17
Flanders

Jon

Scores at the end of the Double Jeopardy! Round:

Dileep Nancy Jon
-$1,200 $15,800 $13,500

[wagering suggestions for these scores]

Final Jeopardy! Round responses

THE PRESIDENCY
JonWho is Lyndon Johnson?
$13,500
NancyWho was Lyndon Johnson?
$800
Lyndon Johnson

Final scores:

Dileep Nancy Jon
-$1,200 $16,600 $27,000
3rd place: $1,000 2nd place: $2,000 New champion: $27,000

Game dynamics:

Coryat scores:

Dileep Nancy Jon
-$200 $15,800 $12,800
10 R,
4 W
(including 1 DD)
19 R,
0 W
19 R
(including 1 DD),
3 W
(including 1 DD)

Combined Coryat: $28,400

[game clues] [game scores] [suggest correction]

Game tape date: 2002-02-19
The J! Archive is created by fans, for fans. Scraping, republication, monetization, and malicious use prohibited; this site may use cookies and collect identifying information. See terms. The Jeopardy! game show and all elements thereof, including but not limited to copyright and trademark thereto, are the property of Jeopardy Productions, Inc. and are protected under law. This website is not affiliated with, sponsored by, or operated by Jeopardy Productions, Inc. Join the discussion at JBoard.tv.